| 000 | 00919nam a2200289 a 4500 | ||
|---|---|---|---|
| 001 | 12712 | ||
| 003 | BD-JhCC | ||
| 005 | 20230508195638.0 | ||
| 008 | 060929s20202006enk e| ||0 1 eng d | ||
| 020 | _a9780007246304 | ||
| 020 | _a0732284384 (pbk.) | ||
| 035 | _a(BD-JhCC)12712 | ||
| 040 |
_aNSPL _cNSPL _dNZEN _dANL _dBD-JhCC |
||
| 041 | 1 |
_aeng _hpor |
|
| 042 | _aanuc | ||
| 082 | 0 | 4 |
_a869.442 _222 _bSHE 2020 |
| 100 | 1 | _aCoelho, Paulo. | |
| 245 | 1 | 0 |
_aLike the flowing river : _bthoughts and reflections / _cPaulo Coelho ; translated from the Portuguese by Margaret Jull Costa. |
| 260 |
_a[London ; _aSydney] : _bHarperCollins, _c2006. |
||
| 300 |
_axiii, 223 p. ; _c22 cm. |
||
| 546 | _aTranslated from the Portuguese. | ||
| 600 | 1 | 0 |
_aCoelho, Paulo _vTranslations into English. |
| 650 | 0 |
_aConduct of life _vFiction. |
|
| 655 | 7 |
_aShort stories. _2gsafd |
|
| 700 | 1 | _aCosta, Margaret Jull. | |
| 942 |
_2ddc _cBK |
||
| 999 |
_c12712 _d12712 |
||